| 000 | 00738nam a22002177a 4500 | ||
|---|---|---|---|
| 003 | 0 | ||
| 005 | 20251028142233.0 | ||
| 008 | 251028b xxu||||| |||| 00| 0 eng d | ||
| 020 | _a978-1-98469-426-3 | ||
| 050 |
_aG 156.5.S87 _b.W75 2025 |
||
| 100 |
_aWright, Matthew, _eauthor. |
||
| 245 |
_aSocial responsibility in tourism / _cMatthew Wright. |
||
| 260 |
_aNew York, NY : _b3G E-Learning LLC, _c2025. |
||
| 300 |
_axviii, 272 pages : _bcolored illustrations ; _c26 cm. |
||
| 504 | _aIncludes bibliographical references and index. | ||
| 650 | _aSustainable tourism. | ||
| 650 |
_aTourism _xMoral and ethical aspects. |
||
| 650 | _aSocial responsibility of business. | ||
| 650 | _aCorporate social responsibility. | ||
| 942 |
_2lcc _cBK |
||
| 999 |
_c368382 _d368382 |
||